UBT Library

INTERMEDIATE ALGEBRA (Record no. 60003)

000 -LEADER
fixed length control field 00316nam a22001457a 4500
008 - FIXED-LENGTH DATA ELEMENTS--GENERAL INFORMATION
fixed length control field 230616b ||||| |||| 00| 0 eng d
020 ## - INTERNATIONAL STANDARD BOOK NUMBER
International Standard Book Number 9781133365655
041 ## - LANGUAGE CODE
Language code of text/sound track or separate title eng
080 ## - UNIVERSAL DECIMAL CLASSIFICATION NUMBER
Edition identifier 9
Universal Decimal Classification number 51
082 ## - DEWEY DECIMAL CLASSIFICATION NUMBER
Classification number 51LOC
100 ## - Rafti
Rafti 23
101 ## - Shkurtesa
Shkurtesa MATEM
245 ## - TITLE STATEMENT
Title INTERMEDIATE ALGEBRA
Statement of responsibility, etc LOCKWOOD&A
942 ## - ADDED ENTRY ELEMENTS (KOHA)
Source of classification or shelving scheme
Item type Books
Holdings
Withdrawn status Lost status Source of classification or shelving scheme Damaged status Not for loan Collection code Permanent location Current location Date acquired Total Checkouts Full call number Barcode Date last seen Price effective from Koha item type
          Koleksioni i përgjithshem UBT - Lipjan UBT - Lipjan 06/16/2023   51LOC 002-800080629 06/16/2023 06/16/2023 Books
          Koleksioni i përgjithshem UBT - Lipjan UBT - Lipjan 07/17/2023   51LOC 002-800080827 07/17/2023 07/17/2023 Books
          Koleksioni i përgjithshem UBT - Lipjan UBT - Lipjan 07/17/2023   51LOC 002-800080828 07/17/2023 07/17/2023 Books
UBT Library © 2015-2024. All rights reserved University Education for Business and Technology